000 01009nam a2200265 i 4500
001 bg
100 1 _aPAMIN, Jerzy
245 1 0 _aGradient-enhanced continuum models :
_bformulation, discretization and applications /
_cJerzy Pamin.
260 _aKraków :
_bWydaw. PK,
_c2004.
300 _a174 s. :
_bil. ;
_c24 cm.
490 1 _aMonografia / Politechnika Krakowska im. Tadeusza Kościuszki. Seria Inżynieria Lądowa,
_x0860-097X ;
_v301
500 _aStreszcz. ang., niem., pol.
504 _aBibliogr.
650 9 _aAnaliza numeryczna
_xstosowanie
_xmechanika
650 9 _aPlastyczność
_xbadanie
650 9 _aNaprężenia i odkształcenia
_xbadanie
650 9 _aPlastyczność
_xteoria
710 0 _aPolitechnika Krakowska im. Tadeusza Kościuszki
830 0 _aMonografia (Politechnika Krakowska im. Tadeusza Kościuszki).
_pSeria Inżynieria Lądowa
040 _cBPK
041 0 _aeng
_bgerpol
080 _a539.3/.5:519.61/.64
942 _cKS
008 s pl f |000 0 pol
999 _c45227
_d45227
856 _uhttp://koha.tu.koszalin.pl/cgi-bin/koha/opac-detail.pl?biblionumber=45227
_yKatalog online BPK